| 000 | 00944cam a22003137a 4500 | ||
|---|---|---|---|
| 003 | CHAP | ||
| 005 | 20220329133000.0 | ||
| 008 | 971013s1981 r 00010 d | ||
| 010 | _a928 | ||
| 011 | _a1900 | ||
| 035 | _a1085 | ||
| 040 | _cCHAP | ||
| 082 |
_a428 _bJ4 |
||
| 100 | 0 | 0 |
_aJenkins-Murphy, Andrew. _961328 |
| 245 | 1 | 4 | _aThe language of agriculture in English |
| 260 |
_aNew York : _bRegents, _c1981 |
||
| 300 |
_a108 p. _b: ilus. |
||
| 490 | 0 | _aEnglish for careers | |
| 590 |
_aBATCH-UPD _b10 _c20130110 _lUCH01 _h1758 |
||
| 590 |
_aBATCH-UPD _b10 _c20130410 _lUCH01 _h1134 |
||
| 590 |
_aBATCH-UPD _b10 _c20130914 _lUCH01 _h1436 |
||
| 590 |
_aCONVERSION _b10 _c20130109 _lUCH01 _h1302 |
||
| 650 | 1 | 4 |
_aAgricultura. _91172 |
| 650 | 1 | 4 |
_aInglés _xEstudio y enseñanza. _958340 |
| 830 | 0 |
_aEnglish for careers _936982 |
|
| 901 | _aBK | ||
| 942 | _cLIBRO | ||
| 949 |
_a428 J4 _bBC _cLIBRO _d33724000433991 _eLIBRO _gI. c/e _h78679 _i1085 _si _t14.63 |
||
| 999 |
_c928 _d928 |
||